Remote sensing and image interpretation (Record no. 66171)

000 -LEADER
fixed length control field 00519nam a22001817a 4500
003 - CONTROL NUMBER IDENTIFIER
control field NUST - PNEC
005 - DATE AND TIME OF LATEST TRANSACTION
control field 20170116180942.0
008 - FIXED-LENGTH DATA ELEMENTS--GENERAL INFORMATION
fixed length control field 150907b xxu||||| |||| 00| 0 eng d
020 ## - INTERNATIONAL STANDARD BOOK NUMBER
International Standard Book Number 0471255157
040 ## - CATALOGING SOURCE
Transcribing agency LIBRARY
082 ## - DEWEY DECIMAL CLASSIFICATION NUMBER
Classification number 621.3678 LIL
100 ## - MAIN ENTRY--PERSONAL NAME
9 (RLIN) 8755
Personal name Lillesand, Thomas M.
245 ## - TITLE STATEMENT
Title Remote sensing and image interpretation
Statement of responsibility, etc. Thomas M.; Lillesand Ralph W. Keifer and Jonathan W. Chipman
250 ## - EDITION STATEMENT
Edition statement 4th ed.
260 ## - PUBLICATION, DISTRIBUTION, ETC.
Date of publication, distribution, etc. c.2000
650 ## - SUBJECT ADDED ENTRY--TOPICAL TERM
9 (RLIN) 8758
Topical term or geographic name entry element Remote sensing
General subdivision MIS,EE
942 ## - ADDED ENTRY ELEMENTS (KOHA)
Source of classification or shelving scheme
Koha item type Book
Holdings
Withdrawn status Lost status Source of classification or shelving scheme Damaged status Not for loan Permanent Location Current Location Shelving location Date acquired Total Checkouts Full call number Barcode Date last seen Price effective from Koha item type
          Pakistan Navy Engineering College (PNEC) Pakistan Navy Engineering College (PNEC)       621.3678 LIL PNECLIB-028452 09/07/2015   Book
© 2023 Central Library, National University of Sciences and Technology. All Rights Reserved.